The Ultimate Ssundee Quiz - Statistics

General Stats
  • This quiz has been taken 28 times
  • The average score is 6 of 20
Answer Stats
Hint Answer % Correct
What is Ssundee's greatest collaborator? Crainer
82%
Was Prime Ssundee the greatest Minecraft YouTuber of all Time? Yes
68%
What game ruined Ssundee's channel? Among Us
64%
What two new close contemporaries of Ssundee have ruined the channel? BiffleWiffle and SadSigils
55%
Does anyone over the age of 12 still watch Ssundee in the big 2024? No
55%
How many millions of subscribers does Ssundee have on YouTube as of December 2024? 24
36%
What legendary series involved Ssundee and friends disposing of other people's sleeping arrangements? Bed Wars
32%
What legendary series involved Ssundee exploring random cubes that have differing effects? Lucky Blocks
27%
What is the name of Ssundee's alter ego that often does his YouTube intros? Derp Ssundee
23%
What is the classic scoring system for all of Ssundee's Fortnite videos? Mario Kart
23%
What legendary series involved Ssundee trying to beat a game by turning his daughter into mutant Mary Jane? 60 Seconds
18%
What legendary series involved Ssundee engaging in dirty dealing? Jailbreak
18%
Who was the host of that show? Ambrew
14%
Who is the creator of the legendary series aforementioned in question #2? Kehaan / Neo
14%
Who was the ex-wife of Ssundee who collaborated with him on many videos? Madelyn
14%
What legendary series involved Ssundee and friends marauding around the map, looking to end the existence of the others? Murder Run
14%
What legendary series involved Ssundee and friends engaging in pranks against each other? Troll Craft
14%
What legendary series involved Ssundee and friends answering questions to avoid being unalived in creative methods? Dumb Ways to Die
9%
What legendary series involved the implementation of a popular novel / movie into Minecraft? Hunger Games
9%
What legendary series involved Ssundee and friends launching projectiles at each other? TNT Wars
5%
No matching quizzes found
Score Distribution
Percent of People with Each Score
Percentile by Number Answered
Your Score History
You have not taken this quiz